00834nam a2200217 u 4500001000500000005001700005008004100022035000900063040001300072041000800085082000800093100003900101245011500140260004300255300001400298500009200312650002700404650002900431700004100460500011500501292320260428104506.0950623s1994 ||||||m| spa  a2923 ccomduadb aspa 4a36110aMacias Gil, Diana Isabel4auteaut13aLa intervencion del trabajador social en programas de bienestar social laboral en el sector de la construccion aMedellín :b[sin publicador],c1994. a111 hojas aTesis(trabajadora social).Universidad de Antioquia.Departamento de Trabajo Social,1994. aTrabajo social laboral aConconcreto (Medellín)10aVasquez Ortiz, Luz Estella4auteaut aTesis (Especialista en Gerencia del Desarrollo Social). Universidad de Antioquia - Título del grado otorgado